Ekonomické změny v zemích střední a východní Evropy

Analýza zmien (politických, hospodárskych, bezpečnostných, sociálnych a.i.) prebiehajúcich v krajinách strednej a východnej Európy. Majú význam pre svetovú ekonomiku ako celok. Charakteristika základných problémov transformujúcich sa ekonomík. Zmeny vo vzájomných ekonomických vzťahoch aj vo vzťahoch...

Ausführliche Beschreibung

Gespeichert in:
Bibliographische Detailangaben
1. Verfasser: Lašek, Josef
Weitere Verfasser: Neustadt, Alojz
Format: Buchkapitel
Sprache:Tschechisch
Schlagworte:
Tags: Tag hinzufügen
Keine Tags, Fügen Sie das erste Tag hinzu!

MARC

LEADER 00000naa a2200000 4500
001 r015946
005 20230221071532.3
041 0 |a cze 
044 |a CZ 
245 1 0 |a Ekonomické změny v zemích střední a východní Evropy  |c Josef Lašek, Alojz Neustadt 
520 |a Analýza zmien (politických, hospodárskych, bezpečnostných, sociálnych a.i.) prebiehajúcich v krajinách strednej a východnej Európy. Majú význam pre svetovú ekonomiku ako celok. Charakteristika základných problémov transformujúcich sa ekonomík. Zmeny vo vzájomných ekonomických vzťahoch aj vo vzťahoch k ostatným oblastiam svetovej ekonomiky. Niektoré implikácie pre transformáciu ekonomiky ČR. 
610 2 0 |a hospodárstvo svetové 
610 2 0 |a stredná Európa 
610 2 0 |a východná Európa 
610 2 0 |a obdobie prechodné 
610 2 0 |a reformy hospodárske 
610 2 0 |a vývoj hospodársky 
610 2 0 |a privatizácia 
610 2 0 |a produkt domáci hrubý 
610 2 0 |a vzťahy hospodárske vonkajšie 
610 2 0 |a obchod medzinárodný 
610 2 0 |a Česko 
100 1 |a Lašek, Josef 
700 1 |a Neustadt, Alojz